01818cam a22003613i 4500001000500000005001700005020003100022020001800053040015100071050001600222082001100238100002400249245004800273250007000321260004500391300002300436500005500459505000700514520055700521521002601078521001601104650002901120650005001149650002601199650003401225650003001259655003501289655001301324655002901337655002801366655004201394655002001436243620231208114300.0 a9781476749129q(paperback) a9781471148538 aBTCTAbengcBTCTAerdadBDXdOCLCQdZQPdOCLCOdSO$dOCLCOdOCLCFdOCLCOdINRdJN5dAZZPTdTXWITdOCLCOdOCLCQdOCLCAdOCLCOdDF$dOCLCAdTYVdDLC 0aPS3553.L287 a813.541 aClark, Mary Higgins14aThe melody lingers on /cMary Higgins Clark aFirst published in Great Britain by Simon & Schuster UK Ltd, 2015 aLondon :bSimon & Schuster UK Ltd,c1997 a262 pages :c23 cm aIncludes excerpt from: I've got you under my skin. aZ  aParker Bennett has been missing for two years. He dropped out of sight-- on a sailboat in the Caribbean-- just before it was discovered that the $5 billion dollars in the fund he had been managing had vanished. Lane Harmon, assistant to an upscale interior designer, is working on his wife's townhouse. Gradually, Lane finds herself drawn to Eric, the Bennetts' son, who is determined to prove that his father is not guilty. Lane doesn't know that the closer she gets to the Bennetts, the more she puts her life-- and her daughter's life-- in jeopardy. a900 bLexile estimate aZbRaz-Plus 0aFamily secretsvFiction. 0aCold cases (Criminal investigation)vFiction. 0aRich peoplevFiction. 0aInterior decoratorsvFiction. 0aMissing personsvFiction. 4aDetective and mystery fiction. 4aFiction. 7aSuspense fiction.2gsafd 7aMystery fiction.2gsafd 7aDetective and mystery fiction.2lcgft 7aFiction.2lcgft